Methods of IT project management /

Bibliographic Details
Main Author: Brewer, Jeffrey L., (Author)
Format: eBook
Language:English
Published: West Lafayette, Indiana : Purdue University Press, 2013.
Edition:Second edition.
Subjects:
Online Access:Click to View
LEADER 01776nam a2200433 i 4500
001 EBC3119892
003 MiAaPQ
005 20200520144314.0
006 m o d |
007 cr cnu||||||||
008 140815t20132013gr ob 001 0 eng d
020 |z 9781557536631 
020 |a 9781612492773 (e-book) 
035 |a (MiAaPQ)EBC3119892 
035 |a (Au-PeEL)EBL3119892 
035 |a (CaPaEBR)ebr10723063 
035 |a (OCoLC)922969483 
040 |a MiAaPQ  |b eng  |e rda  |e pn  |c MiAaPQ  |d MiAaPQ 
050 4 |a HD30.2  |b .B74 2013 
082 0 |a 004.068/4  |2 23 
100 1 |a Brewer, Jeffrey L.,  |e author. 
245 1 0 |a Methods of IT project management /  |c by Jeffrey L. Brewer, PMP and Kevin C. Dittman. 
250 |a Second edition. 
264 1 |a West Lafayette, Indiana :  |b Purdue University Press,  |c 2013. 
264 4 |c 2013 
300 |a 1 online resource (590 pages) 
336 |a text  |2 rdacontent 
337 |a computer  |2 rdamedia 
338 |a online resource  |2 rdacarrier 
504 |a Includes bibliographical references and index. 
588 |a Description based on print record version. 
590 |a Electronic reproduction. Ann Arbor, MI : ProQuest, 2015. Available via World Wide Web. Access may be limited to ProQuest affiliated libraries. 
650 0 |a Information technology  |x Management. 
650 0 |a Information technology projects  |x Management. 
650 0 |a Project management. 
655 4 |a Electronic books. 
776 0 8 |i Print version:  |a Brewer, Jeffrey L.  |t Methods of IT project management.  |b Second edition.  |d West Lafayette, Indiana : Purdue University Press, c2013   |h xxvi, 563 pages   |z 9781557536631  |w 2013008147 
797 2 |a ProQuest (Firm) 
856 4 0 |u https://ebookcentral.proquest.com/lib/matrademy/detail.action?docID=3119892  |z Click to View